[Event "Club Championships"]
[Site "Wellington Chess Club"]
[Date "2016.09.29"]
[Round "4"]
[White "Austin, Tama"]
[Black "Forlong-Ford, Colwyn"]
[Result "0-1"]
[WhiteElo "1539"]
[BlackElo "1726"]

1. d4 d5 2. Bf4 Nf6 3. e3 Bf5 4. c4 e6 5. Qb3 b6 6. Nf3 Bd6 7. Bg3 O-O 8. Nc3
Nc6 9. Be2 Ne4 10. cxd5 Na5 11. Qb5 Nxc3 12. bxc3 Bxg3 13. hxg3 Qxd5 14. O-O
Be4 15. c4 Qb7 16. Rfd1 Rfd8 17. c5 Rac8 18. Rac1 Qd5 19. cxb6 cxb6 20. Qxd5
Bxd5 21. Rxc8 Rxc8 22. Rd2 Rc1+ 23. Kh2 Nc4 24. Bxc4 Bxc4 25. a3 Rc3 26. Ne5
Bd5 27. a4 f6 28. Nd3 Bc6 29. Nb2 h6 30. g4 a6 31. Kg3 g5 32. Rd1 Rc2 33. Rb1
Be4 34. Nd3 Bxd3 35. Rxb6 Ra2 36. Rxe6 Kf7 37. Rc6 Rxa4 38. f3 Rb4 {And black
won eventually} 0-1

[Event "Club Championships"]
[Site "Wellington Chess Club"]
[Date "2016.09.29"]
[Round "4"]
[White "Baker, Jack"]
[Black "Sole, Michael"]
[Result "1-0"]
[WhiteElo "1619"]
[BlackElo "1637"]

1. e4 c5 2. d4 cxd4 3. c3 dxc3 4. Bc4 d6 5. Nf3 Nc6 6. O-O Nf6 7. e5 Nxe5 8.
Nxe5 dxe5 9. Bxf7+ Kxf7 10. Qxd8 cxb2 11. Bxb2 e6 12. Bxe5 Ng4 13. Nc3 Nxe5 14.
Ne4 Nc6 15. Nd6+ Kg6 16. Qe8+ Kf6 17. Qf7+ Ke5 18. Nc4+ Kd5 19. Ne3+ Kc5 20.
Rfc1+ Kb6 21. Rab1+ Ka6 22. Qe8 b6 23. Qxc6 Rb8 24. Qc7 Ra8 25. Rc4 1-0

[Event "Club Championships"]
[Site "Wellington Chess Club"]
[Date "2016.09.29"]
[Round "4"]
[White "Barraza, Jesse"]
[Black "Coghini, Phillip"]
[Result "0-1"]
[WhiteElo "1957"]
[BlackElo "1872"]

1. c4 g6 2. Nc3 c5 3. e3 Bg7 4. d4 cxd4 5. exd4 Nf6 6. Nf3 d5 7. Be3 Nc6 8. Be2
O-O 9. Nd2 e5 10. Nb3 dxc4 11. dxe5 Nxe5 12. Qxd8 Rxd8 13. Nd2 Be6 14. O-O Nfg4
15. Bf4 Nd3 16. Bxd3 Rxd3 17. h3 Nh6 18. Rac1 Rc8 19. Rc2 a6 20. Nde4 Nf5 21.
Ne2 h5 22. Be3 Rxe3 23. fxe3 Nxe3 24. Rd2 Nxf1 25. Kxf1 b5 26. Nf4 Bf5 27. Nd6
Rd8 28. Nxc4 Rxd2 29. Nxd2 Bxb2 30. Ke2 Kf8 31. Nd5 Be6 32. Nc7 Bc8 33. Nb3 Ba3
34. Kd3 Ke7 35. Kd4 Kd6 36. Nd5 Bb2+ 37. Nc3 b4 0-1

[Event "Club Championships"]
[Site "Wellington Chess Club"]
[Date "2016.09.29"]
[Round "4"]
[White "Bennett, Ezra"]
[Black "Wevers, Alexis"]
[Result "0-1"]
[WhiteElo "1414"]
[BlackElo "1472"]

1. d3 d5 2. Nf3 Bg4 3. Nbd2 Nc6 4. h3 Bd7 5. g3 e6 6. Bg2 Bc5 7. O-O Nf6 8. e4
dxe4 9. dxe4 e5 10. Nc4 Nxe4 11. Nfxe5 Nxe5 12. Nxe5 Nxf2 13. Rxf2 Bxf2+ 14.
Kxf2 Qf6+ 15. Kg1 Qxe5 16. Bf4 Qc5+ 17. Kh2 O-O-O 18. Qd5 Qxd5 19. Bxd5 Be6 20.
Bf3 f6 21. b3 Bf5 22. Rc1 g5 23. Be3 Rhe8 24. Bxa7 Rd2+ 25. Kg1 Bxh3 26. g4 b6
27. a4 Re3 28. Kh1 Rxf3 0-1

[Event "Club Championships"]
[Site "Wellington Chess Club"]
[Date "2016.09.29"]
[Round "4"]
[White "Croad, Nicolas"]
[Black "Forster, Bill"]
[Result "1-0"]
[WhiteElo "2429"]
[BlackElo "2066"]

1. d4 d5 2. c4 c6 3. Nf3 Nf6 4. e3 Bf5 5. Nc3 e6 6. Nh4 Be4 7. f3 Bg6 8. Nxg6
hxg6 9. Qb3 Qc7 10. Bd2 Bd6 11. O-O-O Nbd7 12. cxd5 exd5 13. h3 O-O 14. Kb1 b5
15. Bd3 Nb6 16. e4 Bf4 17. Bxf4 Qxf4 18. e5 Nh5 19. Ne2 Qh6 20. h4 Nf4 21. Nxf4
Qxf4 22. h5 Nc4 23. Bxc4 bxc4 24. Qc2 gxh5 25. Rxh5 g6 26. Rdh1 gxh5 27. Rxh5
Rfb8 28. g3 Rxb2+ 29. Qxb2 Qxg3 30. Rh1 Qxf3 31. Rg1+ Kf8 32. Qb4+ Ke8 33. Rg8+
Kd7 34. Qd6# 1-0

[Event "Club Championships"]
[Site "Wellington Chess Club"]
[Date "2016.09.29"]
[Round "4"]
[White "Konakanchi, Pramodh"]
[Black "Kibblewhite, Daniel"]
[Result "0-1"]
[WhiteElo "1191"]
[BlackElo "1418"]

1. e4 e6 2. Nf3 d5 3. e5 c5 4. Bb5+ Bd7 5. Bxd7+ Qxd7 6. O-O Nc6 7. d3 b5 8.
Nc3 a6 9. Bf4 g6 10. Bg5 Nge7 11. Qe2 Bg7 12. Nd1 Nf5 13. Ne3 Ncd4 14. Nxd4
Nxd4 15. Qd2 Bxe5 16. Qc3 Ne2+ 17. Kh1 Nxc3 18. bxc3 Bxc3 19. Rad1 Bg7 20. Ng4
O-O 21. Be3 e5 22. Bxc5 Rfc8 23. Be3 Qxg4 24. Rde1 Qa4 0-1

[Event "Club Championships"]
[Site "Wellington Chess Club"]
[Date "2016.09.29"]
[Round "4"]
[White "Proctor, Matthew"]
[Black "Sknar, Andrew"]
[Result "1/2-1/2"]
[WhiteElo "1369"]
[BlackElo "1184"]
[PlyCount "55"]
[EventDate "2016.??.??"]
[EventRounds "9"]

1. e4 e5 2. Nf3 Nc6 3. Bc4 h6 4. c3 Nf6 5. d4 d6 6. O-O Bg4 7. Re1 Bxf3 8. Qxf3
exd4 9. Bf4 dxc3 10. Nxc3 Nd4 11. Qd3 Nh5 12. Qxd4 Nxf4 13. e5 Qg5 14. g3 Ne6
15. Bxe6 fxe6 16. exd6 Bxd6 17. Rxe6+ Kd7 18. Rae1 Rhe8 19. Rxe8 Rxe8 20. Rxe8
Kxe8 21. Qe4+ Qe5 22. Qxb7 Bc5 23. Nd5 Qe1+ 24. Kg2 Qxf2+ 25. Kh3 Qf5+ 26. Kg2
Qc2+ 27. Kh3 Qf5+ 28. Kg2 1/2-1/2

[Event "Club Championships"]
[Site "Wellington Chess Club"]
[Date "2016.09.29"]
[Round "4"]
[White "Rossiter, Philip"]
[Black "Kulkarni, Yogesh"]
[Result "1-0"]
[WhiteElo "1897"]
[BlackElo "2036"]

1. c4 e5 2. Nc3 f5 3. Nf3 Nc6 4. d3 Nf6 5. g3 b6 6. Bg2 Rb8 7. O-O Bb7 8. a3
Be7 9. b4 d6 10. Qb3 Nd4 11. Nxd4 exd4 12. Nd5 Nxd5 13. cxd5 O-O 14. Bb2 Bf6
15. Rac1 c5 16. dxc6+ 1-0

[Event "Club Championships"]
[Site "Wellington Chess Club"]
[Date "2016.09.29"]
[Round "4"]
[White "Stone, Andrew"]
[Black "List, Robert"]
[Result "1-0"]
[WhiteElo "2047"]
[BlackElo "1794"]

1. e4 c5 2. d4 cxd4 {Bob said to me after the game that this is a bad opening
for white. He's partially right, this is why we don't see many Smith-Morra
Gambit in top level chess. But neither of us are top level players and I guess
that's what's fun about chess, you gotta prove your opponent wrong} 3. c3 dxc3
4. Nxc3 e6 5. Nf3 Nc6 6. Bc4 Nf6 7. e5 Ng4 8. Bf4 Qb6 9. O-O Qc5 10. Qe2 a6 11.
h3 Nd4 12. Nxd4 Qxd4 13. Bxe6 dxe6 14. Qxg4 g6 $2 {weakens the dark squares too
much, better is 14. ... Bd7} 15. Rfd1 Qb4 16. Bg5 Bd7 {16. ... Qxg4 17. Rd8#}
17. Ne4 Qxb2 {black has nothing better} 18. Nf6+ Ke7 19. Rxd7# 1-0

[Event "Club Championships"]
[Site "Wellington Chess Club"]
[Date "2016.10.01"]
[Round "4"]
[White "Pomeroy, Arthur"]
[Black "Jackson, Ross"]
[Result "1/2-1/2"]
[WhiteElo "2134"]
[BlackElo "2067"]

{ B81: Sicilian Scheveningen: Keres Attack } 1. e4 c5 2. Nf3 d6 3. d4 cxd4 4.
Nxd4 Nf6 5. Nc3 a6 6. h3 e6 7. g4 d5 8. Bg2 dxe4 { I was not expecting a
Najdorf from Ross, so I tried 6. h3. The line played is not to most popular,
but White retains pressure on Black's queenside.} 9. Nxe4 Nxe4 10. Bxe4 e5 11.
Nf5 Qxd1+ 12. Kxd1 h5 13. g5 g6 14. Ne3 Nd7 15. Nd5 Bd6 16. Be3 O-O 17. Ke2 {
Note the problems in getting the Bc8 developed.} 17... Bc5 18. b4 Bxe3 19. fxe3
Kg7 { Black king safety dropped} 20. Rad1 (20. c4 Rb8 $11) 20... b5 $11 21.
Rhf1 Ra7 22. Ne7 Rc7 23. Nxc8 Rfxc8 24. Rd6 Nb8 (24... Nf8 25. Rxa6 Ne6 26. Bd3
$11 { is the computer's suggestion, but looks risky.} ) 25. Bd5 { Exerts
pressure on the backward pawn but the positional sacrifice doesn't really come
off. Better would be to allow Black to swap rooks, when the B vs N ending may
favour White.}  (25. Kd1 $5 $14) 25... Rxc2+ $11 26. Kd3 R2c7 27. Rdf6 Rf8 28.
Ke4 Re7 29. h4 Nd7 30. Rxa6 f5+ 31. Kf3 e4+ { Black gains space - the problem
with my King march.} 32. Kg3 (32. Ke2 Ne5 33. Rb6 Rc8 $15) 32... Rc8 (32... Ne5
$5 33. Bc6 Nd3 34. Bxb5 Nxb4 $11) 33. Rc6 Rb8 34. Rc3 Rbe8 35. Rfc1 Ne5 36. Rc8
{ The position is level, with chances for both sides to go wrong, so draw
agreed. An interesting effort where neither side ever got much advantage.}
1/2-1/2

[Event "Club Championships"]
[Site "Wellington Chess Club"]
[Date "2016.10.06"]
[Round "5"]
[White "Coghini, Phillip"]
[Black "Stone, Andrew"]
[Result "1/2-1/2"]
[WhiteElo "1872"]
[BlackElo "2047"]

1. d4 Nf6 2. c4 g6 3. Nc3 d5 4. cxd5 Nxd5 5. Nf3 Bg7 6. e4 Nxc3 7. bxc3 c5 8.
Be3 O-O 9. Qd2 b6 10. Bd3 cxd4 11. cxd4 Nc6 12. Bb5 Bb7 13. Rd1 a6 14. Be2 Na5
15. d5 Rc8 16. Bd4 Nc4 17. Bxc4 Rxc4 18. O-O Qc7 19. Bxg7 Kxg7 20. Rc1 Rc8 21.
Rxc4 Qxc4 22. Qb2+ Kg8 23. Qxb6 Ba8 24. Qb1 e6 25. Rd1 exd5 26. e5 Qc7 27. h3
Rb8 28. Qc1 Qxc1 29. Rxc1 Re8 30. Rc7 d4 31. Nxd4 Bd5 1/2-1/2

[Event "Club Championships"]
[Site "Wellington Chess Club"]
[Date "2016.10.06"]
[Round "5"]
[White "Day, Fabian"]
[Black "Forlong-Ford, Colwyn"]
[Result "1-0"]
[WhiteElo "1605"]
[BlackElo "1726"]

1. e4 e5 2. Nf3 Nf6 3. Nxe5 Qe7 4. d4 d6 5. Nf3 Qxe4+ 6. Be2 Bg4 7. Nc3 Qe7 8.
O-O c6 9. d5 Nxd5 10. Nxd5 cxd5 11. Bb5+ Nc6 12. Re1 Bxf3 13. Rxe7+ Bxe7 14.
Qxf3 O-O 15. Qxd5 Rac8 16. c3 Bf6 17. Bf4 Rfd8 18. Rd1 Be5 19. Qd2 1-0

[Event "Club Championships"]
[Site "Wellington Chess Club"]
[Date "2016.10.06"]
[Round "5"]
[White "Dixon, Hamish"]
[Black "Cunningham, Patrick"]
[Result "1/2-1/2"]
[WhiteElo "1648"]
[BlackElo "1652"]

1. e4 e5 2. Nf3 Nf6 3. Bc4 Nc6 4. O-O Be7 5. Nc3 O-O 6. Re1 d6 7. h3 Bd7 8. d4
exd4 9. Nxd4 Qc8 10. Bf4 Ne5 11. Be2 a6 12. Nd5 Re8 13. Bxe5 dxe5 14. Nf3 Nxe4
15. Bd3 Nf6 16. Nxe7+ Rxe7 17. Rxe5 Rxe5 18. Nxe5 Bf5 19. Bc4 Be6 20. Qe2 Qe8
21. Re1 Rd8 22. Nf3 Bxc4 23. Qxc4 Qd7 24. Ne5 Qe7 25. Nf3 Qd7 26. Re3 Qd1+ 27.
Re1 Qd7 1/2-1/2

[Event "Club Championships"]
[Site "Wellington Chess Club"]
[Date "2016.10.06"]
[Round "5"]
[White "Farrington, Lawrence"]
[Black "Aldridge, Alan"]
[Result "1/2-1/2"]
[WhiteElo "1811"]
[BlackElo "1979"]

1. e4 e5 2. Nf3 Nc6 3. Nc3 Nf6 4. Bb5 d6 5. d4 exd4 6. Nxd4 Bd7 7. O-O Be7 8.
Re1 Nxd4 9. Bxd7+ Qxd7 10. Qxd4 O-O 11. Bg5 h6 12. Bxf6 Bxf6 13. e5 Be7 14. Nd5
Rfe8 15. Nxe7+ Qxe7 16. f4 Red8 17. exd6 Qxd6 18. Qxd6 Rxd6 19. Re7 Rc6 20. c3
Rd8 21. Rae1 Rd2 22. R1e2 1/2-1/2

[Event "Club Championships"]
[Site "Wellington Chess Club"]
[Date "2016.10.06"]
[Round "5"]
[White "Forster, Bill"]
[Black "Wastney, Scott"]
[Result "0-1"]
[WhiteElo "2066"]
[BlackElo "2448"]

1. d4 Nf6 2. c4 e6 3. Nc3 Bb4 4. f3 d5 5. a3 Be7 6. Bg5 O-O 7. e3 b6 8. cxd5
Nxd5 9. Bxe7 Qxe7 10. Kf2 c5 11. Bc4 cxd4 12. Qxd4 Nc6 13. Qd2 Qh4+ 0-1

[Event "Club Championships"]
[Site "Wellington Chess Club"]
[Date "2016.10.06"]
[Round "5"]
[White "Kibblewhite, Daniel"]
[Black "Zhao, Aiden"]
[Result "0-1"]
[WhiteElo "1418"]
[BlackElo "1289"]

1. e4 e5 2. Nf3 Nc6 3. Bc4 Bc5 4. O-O Nf6 5. Nc3 d6 6. d3 Bg4 7. h3 Bh5 8. Qe2
Nd4 9. Qd1 Nxf3+ 10. gxf3 Qd7 11. Kh2 O-O-O 12. Bg5 c6 13. Na4 Bb4 14. a3 Ba5
15. b4 Bc7 16. Bb3 h6 17. Be3 d5 18. Bxa7 b6 19. Bxb6 Kb8 20. Bxc7+ Kxc7 21.
Nc5 Qe7 22. c3 dxe4 23. Qe2 Bxf3 24. Qe3 Nd5 $2 (24... Ng4+ $1 25. hxg4 Qh4+
26. Kg1 Qh1#) 25. Bxd5 cxd5 26. dxe4 dxe4 27. Nxe4 Bxe4 28. Qxe4 Qe6 29. Qg4
Qxg4 30. hxg4 h5 31. gxh5 Rxh5+ 32. Kg3 Rd3+ 33. Kg4 $4 (33. f3) 33... Rh6 $4 (
33... Rdh3 34. f3 f5#) 34. Kf5 Rxc3 35. Kxe5 Re6+ 36. Kd4 Rec6 37. f4 R6c4+ 38.
Ke5 Kc6 39. f5 $4 Re3# 0-1

[Event "Club Championships"]
[Site "Wellington Chess Club"]
[Date "2016.10.06"]
[Round "5"]
[White "Konakanchi, Karthik"]
[Black "Wevers, Alexis"]
[Result "1-0"]
[WhiteElo "1484"]
[BlackElo "1472"]

1. e4 c5 2. Nf3 Nc6 3. c3 e6 4. d4 cxd4 5. cxd4 d5 6. exd5 exd5 7. Bb5 Bg4 8.
O-O Be7 9. Nc3 Nf6 10. Bg5 O-O 11. h3 Bh5 12. Qd3 Bxf3 13. Qxf3 Nxd4 14. Qd3
Ne6 15. Bxf6 Bxf6 16. Nxd5 Bxb2 17. Rab1 Bf6 18. Qe4 Nc5 19. Nxf6+ Qxf6 20. Qd5
b6 21. Rfe1 Rfd8 22. Qc6 Qf5 23. Rbd1 Rdc8 24. Qd6 Ne4 25. Qd4 Nxf2 26. Bd7
Nxh3+ 27. gxh3 Qg5+ 28. Kh1 Rd8 29. Rg1 Qh6 30. Qg4 g6 31. Bc6 Rxd1 32. Rxd1
Rf8 33. Rf1 Qd2 34. a4 h5 35. Qf3 Kg7 36. Be8 f6 37. Bb5 Kh6 38. Bd3 f5 39. Rg1
Rf6 40. h4 f4 41. Qe4 Kh7 42. Rxg6 Kh8 43. Qe8+ Kh7 44. Qg8# 1-0

[Event "Club Championships"]
[Site "Wellington Chess Club"]
[Date "2016.10.06"]
[Round "5"]
[White "List, Robert"]
[Black "Rossiter, Philip"]
[Result "0-1"]
[WhiteElo "1794"]
[BlackElo "1897"]

1. e4 c5 2. Bc4 e6 3. c3 Qc7 4. d3 Nf6 5. f4 d5 6. Bb5+ Bd7 7. Bxd7+ Nbxd7 8.
e5 Ng8 9. Nf3 Ne7 10. d4 Nc6 11. Be3 Rc8 12. O-O Be7 13. Nbd2 O-O 14. Qe1 cxd4
15. Nxd4 Nxd4 16. Bxd4 Bc5 17. Nf3 Qb6 18. Rb1 f6 19. Bxc5 Nxc5 20. Nd4 Ne4 21.
Qe3 Rc7 22. Rf3 fxe5 23. fxe5 Rxf3 24. gxf3 Nxc3 25. Qg5 0-1

[Event "Club Championships"]
[Site "Wellington Chess Club"]
[Date "2016.10.06"]
[Round "5"]
[White "Nijman, Brian"]
[Black "Dive, Russell"]
[Result "0-1"]
[WhiteElo "2206"]
[BlackElo "2440"]

1. d4 Nf6 2. Bf4 c5 3. e3 Qb6 4. Nc3 cxd4 5. exd4 a6 6. a3 d5 7. Bxb8 Rxb8 8.
Be2 Bf5 9. Qd2 e6 10. Ra2 Bd6 11. Nf3 Qc7 12. O-O O-O 13. g3 Rfc8 14. Rc1 b5
15. Nd1 h6 16. Kg2 Rb6 17. c3 a5 18. Bd3 Be4 19. Qe3 Re8 20. Bxe4 Nxe4 21. a4
Qc4 22. Raa1 bxa4 23. Nd2 Nxd2 24. Qxd2 Reb8 25. Qc2 a3 26. bxa3 a4 27. Ne3 Qc6
28. Ra2 Rb3 29. Nd1 Rxa3 30. Rxa3 Bxa3 31. Rb1 Rxb1 32. Qxb1 Qc4 33. Qb8+ Bf8
34. Qa7 a3 35. Ne3 Qxc3 36. Ng4 Bd6 37. Qa4 Kh7 38. h4 h5 39. Nh2 Qb4 40. Qa7
Kg8 41. Nf3 g6 42. Qa8+ Kg7 43. Ng5 Qxd4 44. Qd8 Qc5 45. g4 Be7 46. Qe8 Bxg5
47. gxh5 Bxh4 48. h6+ Kxh6 49. Qh8+ Kg5 50. Qe5+ f5 51. f4+ Kh5 52. Qe2+ Kh6
53. Kh3 Bf6 0-1

[Event "Club Championships"]
[Site "Wellington Chess Club"]
[Date "2016.10.06"]
[Round "5"]
[White "Proctor, Matthew"]
[Black "Asher, Bruce"]
[Result "1-0"]
[WhiteElo "1369"]
[BlackElo "1316"]
[PlyCount "69"]
[EventDate "2016.??.??"]
[EventRounds "9"]
[EventCountry "NZL"]

1. e4 d5 2. exd5 Qxd5 3. Nf3 Nc6 4. c4 Qc5 5. d4 Qa5+ 6. Bd2 Qh5 7. Be2 e5 8.
Nxe5 Qf5 9. Bg4 Qe4+ 10. Qe2 Qxg2 11. Bf3 Qh3 12. Nxc6+ Qe6 13. Qxe6+ Bxe6 14.
Ne5 O-O-O 15. d5 Bh3 16. Nxf7 Re8+ 17. Be3 Bb4+ 18. Nc3 Nf6 19. Nxh8 Bc5 20.
Kd2 Bxe3+ 21. fxe3 Rxh8 22. Rhg1 g6 23. Rg3 Bf5 24. e4 Bd7 25. h3 Rd8 26. Rf1
Be8 27. e5 Nh5 28. Bxh5 gxh5 29. Rf8 b6 30. Rgg8 Kd7 31. Rg7+ Kc8 32. e6 b5 33.
Nxb5 c6 34. Rc7+ Kb8 35. e7 1-0

[Event "Club Championships"]
[Site "Wellington Chess Club"]
[Date "2016.10.06"]
[Round "5"]
[White "Sellen, Ian"]
[Black "Kulkarni, Yogesh"]
[Result "0-1"]
[WhiteElo "2064"]
[BlackElo "2036"]

1. c4 b6 2. Nf3 Bb7 3. g3 Nf6 4. Bg2 e5 5. d3 e4 6. Ng5 d5 7. dxe4 d4 8. O-O h6
9. e5 Bxg2 10. Kxg2 (10. Nxf7 $1) 10... hxg5 11. Bxg5 $2 (11. exf6 Qxf6 {is
only slightly worse} ) 11... Qd7 12. exf6 Qh3+ 13. Kf3 Qf5+ 14. Bf4 Nc6 $2
{throwing away most of the advantage}  (14... Qh5+ 15. Ke4 g5 16. Bxc7 Nc6 17.
Kd3 Rc8 $19) 15. Qa4 Qxf6 16. Nd2 O-O-O 17. Kg2 Kb7 18. Nf3 Bd6 19. Bg5 Qf5 $2
20. Bxd8 $4 (20. Qxc6+ $1 {wins but the move played loses} ) 20... Qh3+ 21. Kg1
Ne5 22. Rfd1 Nxf3+ 23. exf3 Bxg3 $1 {Forcing checkmate} 24. fxg3 Qxh2+ 25. Kf1
Qh1+ 26. Ke2 Rh2+ 27. Kd3 Qxf3+ 28. Kxd4 c5+ 29. Ke5 Re2+ 30. Kd6 Qxg3+ 31. Kd7
Qg4+ 32. Kd6 Qf4+ 33. Kd7 Qf5+ 34. Kd6 Qe6# 0-1

[Event "Club Championships"]
[Site "Wellington Chess Club"]
[Date "2016.10.06"]
[Round "5"]
[White "Sknar, Andrew"]
[Black "Bennett, Ezra"]
[Result "1-0"]
[WhiteElo "1184"]
[BlackElo "1414"]

1. e4 Nf6 2. Nc3 d6 3. d4 g6 4. Nf3 Bg7 5. Bd3 O-O 6. O-O c5 7. e5 cxd4 8. exf6
Bxf6 9. Nd5 Bg7 10. c3 Nc6 11. Bb5 dxc3 12. Bxc6 bxc6 13. Nxc3 Rb8 14. Nd4 Bd7
15. Rb1 a6 16. b4 a5 17. b5 c5 18. Nde2 e6 19. Qxd6 Rc8 20. b6 Rc6 21. Qd3 Qe7
22. b7 Rd6 23. Qe3 Rb8 24. Qxc5 f5 25. Qc7 Qf8 26. Ba3 Rc6 27. Qxd7 Qxa3 28.
Qxc6 Be5 29. Qxe6+ 1-0

[Event "Club Championships"]
[Site "Wellington Chess Club"]
[Date "2016.10.06"]
[Round "7"]
[White "Stracy, Don"]
[Black "Sole, Michael"]
[Result "1-0"]
[WhiteElo "1748"]
[BlackElo "1637"]

1. e4 c5 2. Nf3 d6 3. d4 cxd4 4. Nxd4 Nf6 5. Nc3 a6 6. Bg5 e6 7. f4 Be7 8. Qf3
Nbd7 9. O-O-O Qc7 10. Qg3 O-O 11. Bd3 b5 12. a3 Bb7 13. Rhe1 Nc5 14. e5 Nh5 15.
Qh4 Bxg5 16. Qxg5 Nxd3+ 17. Rxd3 dxe5 18. fxe5 g6 19. g4 Ng7 20. Rh3 Qd8 21.
Qh6 Nh5 22. Rd1 Qe7 23. gxh5 Rac8 24. Rg1 Rfd8 25. hxg6 fxg6 26. Rxg6+ Kh8 27.
Rxe6 Qf7 28. Rf6 Qd7 29. e6 1-0

[Event "Club Championships"]
[Site "Wellington Chess Club"]
[Date "2016.10.13"]
[Round "6"]
[White "Aldridge, Alan"]
[Black "Stone, Andrew"]
[Result "0-1"]
[WhiteElo "1979"]
[BlackElo "2047"]

1. d4 Nf6 2. c4 g6 3. Nc3 Bg7 4. e4 d6 5. f3 O-O 6. Be3 e5 7. Nge2 Nc6 8. d5
Ne7 9. Qd2 c6 10. O-O-O cxd5 11. cxd5 Bd7 12. g4 b5 13. Ng3 Qa5 14. Kb1 Rfc8
15. Bd3 b4 16. Nce2 Ba4 17. Rc1 Nd7 18. Rxc8+ Nxc8 19. Rc1 Nc5 20. Bxc5 dxc5
21. b3 Bd7 22. g5 Nd6 23. Nf1 Qb6 24. Ne3 a5 25. Nc4 Nxc4 26. Bxc4 a4 27. Rc2
axb3 28. Bxb3 Bb5 29. Nc1 Bf8 30. Bc4 Ra3 31. Nb3 h6 32. h4 hxg5 33. hxg5 Bxc4
34. Rxc4 Qa6 35. Qc2 Rxa2 36. Qxa2 Qxc4 37. Nd2 Qd4 38. Kc2 Be7 0-1

[Event "Club Championships"]
[Site "Wellington Chess Club"]
[Date "2016.10.13"]
[Round "6"]
[White "Barraza, Jesse"]
[Black "Farrington, Lawrence"]
[Result "0-1"]
[WhiteElo "1957"]
[BlackElo "1811"]

1. e4 e6 2. d4 d5 3. Nc3 Bb4 4. Qg4 Ne7 5. e5 c5 6. a3 Bxc3+ 7. bxc3 Nbc6 8.
Bd3 cxd4 9. cxd4 Qb6 10. Nf3 Bd7 11. O-O O-O-O 12. Bd2 f5 13. Qg3 g5 14. Rfb1
Qc7 15. Bb5 g4 16. Ne1 Nxd4 17. Bxd7+ Rxd7 18. Qe3 Ndc6 19. Qc5 Ng6 20. Nd3 Re8
21. Ra2 Ngxe5 22. Rab2 Nxd3 23. cxd3 Qd6 24. Qxd6 Rxd6 25. Rxb7 Rd7 26. Rxd7
Kxd7 27. Rb7+ Kd6 28. Rxh7 Rb8 29. Kf1 Rb3 30. Bb4+ Nxb4 31. axb4 Rxb4 32. Rxa7
Ke5 33. Ra2 Kd4 34. Ke2 f4 35. f3 gxf3+ 36. gxf3 Rb1 37. Ra4+ Ke5 38. d4+ Kf6
39. Ra2 Rh1 40. Kd3 Re1 41. Rf2 Ra1 42. Kc3 Ra3+ 43. Kb4 Rd3 44. h4 Rxd4+ 45.
Kc5 Rd3 46. h5 Kg5 47. Kd6 Re3 48. Rh2 Kh6 49. Rh4 Rxf3 50. Kxe6 d4 51. Kf5 d3
52. Ke4 d2 53. Rh1 Rf2 54. Kf5 Re2 55. Rd1 f3 56. Ra1 Rg2 57. Ra6+ Kh7 58. Ra7+
Rg7 59. Ra1 f2 60. Rd1 f1=Q+ 0-1

[Event "Club Championships"]
[Site "Wellington Chess Club"]
[Date "2016.10.13"]
[Round "6"]
[White "Coghini, Phillip"]
[Black "Brockway, Andrew"]
[Result "1/2-1/2"]
[BlackElo "1801"]
[EventDate "2016.10.13"]
[LiveChessVersion "1.4.7"]
[WhiteElo "1872"]

1. d4 Nf6 2. c4 e6 3. Nf3 Bb4+ 4. Bd2 Qe7 5. g3 Bxd2+ 6. Qxd2 d6 7. Bg2 O-O 8.
O-O a5 9. Re1 Nbd7 10. e4 e5 11. Nc3 exd4 12. Nxd4 Ne5 13. b3 Bd7 14. f4 Nc6
15. Nd5 Qd8 16. Nb5 Nxd5 17. exd5 Ne7 18. Nxc7 Rc8 19. Nb5 Bxb5 20. cxb5 Ng6
21. a4 b6 22. Rac1 Rc5 23. Rxc5 bxc5 24. h4 Ne7 25. Bh3 Kh8 26. Kh2 Ng8 27. Qe3
Nf6 28. Qd2 Kg8 29. g4 Re8 30. Rxe8+ Qxe8 31. g5 Nh5 32. Bg4 g6 33. Qe2 Qd8 34.
Bxh5 gxh5 35. Qxh5 Qe7 36. Qf3 Qe1 37. Kh3 Qb4 38. h5 c4 39. bxc4 Qxc4 40. h6
Qxa4 41. Qc3 Kf8 42. Qc8+ Ke7 43. Qc7+ Ke8 { First time in this position. } 44.
Qc6+ Ke7 45. Qc7+ Ke8 { Second time in this position. } 46. Qc6+ Ke7 47. Qb7+
Ke8 48. Qb8+ Ke7 49. Qc7+ Ke8 { Third time in this position - draw by threefold
repetition claimed. } 1/2-1/2

[Event "Club Championships"]
[Site "Wellington Chess Club"]
[Date "2016.10.13"]
[Round "6"]
[White "Cunningham, Patrick"]
[Black "Baker, Jack"]
[Result "1-0"]
[WhiteElo "1652"]
[BlackElo "1619"]

1. d4 d5 2. Nf3 Bg4 3. e3 e6 4. Be2 Nf6 5. O-O Bd6 6. c4 dxc4 7. Nc3 Nd5 8.
Bxc4 O-O 9. e4 Nb4 10. e5 Be7 11. a3 Bxf3 12. Qxf3 Nc2 13. Qxb7 c6 14. Qxa8
Qxd4 15. Qb7 Qxc4 16. Qxe7 Nxa1 17. Be3 Nb3 18. Rd1 h6 19. Rd8 Rxd8 20. Qxd8+
Kh7 21. Qxb8 c5 22. Qb5 Qxb5 23. Nxb5 a6 24. Nd6 Kg6 25. Kf1 f6 26. exf6 gxf6
27. Ne4 c4 28. Nc5 Nxc5 29. Bxc5 Kf5 30. Ke2 Ke4 31. Bf8 h5 32. Be7 f5 33. Kd2
e5 34. Kc3 Kd5 35. Bf6 e4 36. Bg5 Kc5 37. f3 Kd5 38. fxe4+ fxe4 39. Be3 1-0

[Event "Club Championships"]
[Site "Wellington Chess Club"]
[Date "2016.10.13"]
[Round "6"]
[White "Day, Fabian"]
[Black "Sole, Michael"]
[Result "1-0"]
[WhiteElo "1605"]
[BlackElo "1637"]

1. e4 e5 2. Nf3 Nc6 3. d4 exd4 4. Nxd4 Bc5 5. Nb3 Bb6 6. Nc3 Nf6 7. Qe2 O-O 8.
Be3 Bxe3 9. Qxe3 d5 10. O-O-O Re8 11. f3 Be6 12. g4 Qd6 13. g5 Nd7 14. Nxd5
Bxd5 15. Rxd5 Qxd5 16. exd5 Rxe3 17. dxc6 bxc6 18. f4 Rd8 19. Bg2 Nb8 20. Na5
Re2 21. Nxc6 Nxc6 22. Bxc6 Rf2 23. Re1 Rxf4 24. b3 Rf5 25. Re7 Rxg5 26. Rxc7
Rc5 27. b4 Rc4 28. b5 Ra4 29. b6 Rc4 30. b7 1-0

[Event "Club Championships"]
[Site "Wellington Chess Club"]
[Date "2016.10.13"]
[Round "6"]
[White "Dive, Russell"]
[Black "Jackson, Ross"]
[Result "1-0"]
[WhiteElo "2440"]
[BlackElo "2067"]

1. Nf3 d5 2. c4 c6 3. g3 g6 4. Bg2 Bg7 5. d4 Nf6 6. O-O O-O 7. Nbd2 Nbd7 8. b3
Qa5 9. Bb2 Ne4 10. a3 Nxd2 11. Nxd2 Nf6 12. b4 Qd8 13. Rc1 Bf5 14. Re1 Qd7 15.
a4 Bh6 16. e3 Ne4 17. cxd5 cxd5 18. Nxe4 Bxe4 19. Bxe4 dxe4 20. Qc2 f5 21. Qc7
Rad8 22. b5 e6 23. Rc2 Bg5 24. Ba3 Rf7 25. Rec1 Qe8 26. Qa5 b6 27. Qa6 Be7 28.
Rc8 Kg7 29. Bb2 Bf6 30. R8c7 Rdd7 31. Qxa7 Qd8 32. Rxd7 Rxd7 33. Qa6 e5 34. Rc6
Rd6 35. Qb7+ Kh6 36. Rc8 1-0